00637cam a22002291 4500001001300000003000400013005001700017008004100034010001700075035002000092040001800112042001200130043001200142050001900154110006700173245006000240260001100300300002200311500001500333651004200348999001700390sa 64008489 DLC20260227112054.0890420s1961 xx 000 0 maro  asa 64008489  a(OCoLC)23546557 aDLCcMiUdDLC apremarc aa-ii---00aHC437.M32bA561 aMaharashtra (India).bFinance Department of Planning Division.10aTr̥tīya pañcavārshika yojanāntargata yojanā. c[1961] a2, 542 p.c25 cm. aRomanized. 0aMaharashtra (India)xEconomic policy. c60895d60895